000 00635nam a2200241Ia 4500
003 OSt
005 20220918210316.0
006 a|||||r|||| 00| 0
007 ta
008 220917b |||||||| |||| 00| 0 eng d
024 _a119,981
037 _cTextual
040 _aARTS
_cARTS
_beng
041 _2eng
_aeng
082 _aV688.N7, M3
100 _aMamdani Mahmood
_936941
245 0 _aImperialism and fascism in Uganda
260 _aNairobi
_bHenemann Education Books
_c1983
300 _a115p.
_ccm.
650 _aHISTORY
942 _hV688.N7, M3
_cTEXL
_2CC
999 _c243239
_d243239